Quizzes
Events
Quiz Creation
Community
Videos
Private Events
Remove Ads
Sign In
Join for FREE
Feedback
Dark Mode
Quiz Categories
Sports
Geography
Music
Movies
Television
Just For Fun
Miscellaneous
History
Literature
Language
Science
Gaming
Entertainment
Religion
Holiday
For Kids
Quiz Lab
Recent
Popular Today
Quiz Kudos Today
Editor Picks
Curator Picks
Quizzes by...
Day
Popularity
Type
Ratings
Length
Year
Community
Subscriptions
Recent Discussions
Orange Saloon
Badges
Playlists
Quests
Create
Leaderboards
Showdown
Live 5
Trivia Bingo
Activity
Puzzle Library
Sporcle Events
Private Events
Virtual Trivia
Globe League
Become a Host
Pub Owners
SporcleCon
Opinionation
Our Games
Videos
Blog
Mobile Apps
Partnerships
Remove Ads and Go Orange
Feedback
Sports
Athletes
MLB
NBA
NHL
NFL
Soccer
Sports Teams
WWE
NCAA
Football
Premier League
Basketball
Baseball
Hockey
Golf
Tennis
Cricket
Rugby
Auto Racing
Olympics
World Cup
Sports
Athletes
MLB
NBA
NHL
NFL
Soccer
Sports Teams
WWE
NCAA
Football
Premier League
Basketball
Baseball
Hockey
Golf
Tennis
Cricket
Rugby
Auto Racing
Olympics
World Cup
Random Quiz
Search Sporcle
×
Quiz Lab
Quiz Lab
Sports
Soccer
Type in answers that appear in a list
Type in answers that appear in a list
Classic
Best Score? Go Orange.
Knocked Out Arsenal (since Wenger) Stats
Can you name the teams that have knocked Arsenal out of cup competitions since Arsene Wenger joined?
By
sam0412
10m
58 Questions
334 Plays
334 Plays
334 Plays
Comments
Comments
Give Quiz Kudos
Give Quiz Kudos
-
- Ratings
hide this ad
Replay
Link that replays current quiz
Next Quiz
Link to next quiz in quiz playlist
You Got
0%
They Got
Avg Score
71%
Avg Friend Score
Upgrade to see
Score Distribution
Jump to the score distribution portion of the page
Score
0/58
Timer
10:00
0
Plays Today
Year
Opponent
% Correct
1999/
00
Barcelona
97.3%
1997/
98
Chelsea
97%
1998/
99
Chelsea
97%
2003/
04
Chelsea
97%
2005/
06
Chelsea
97%
2005/
06
Barcelona
97%
2006/
07
Chelsea
97%
2008/
09
Chelsea
97%
2009/
10
Barcelona
97%
2010/
11
Barcelona
97%
2013/
14
Chelsea
97%
2015/
16
Barcelona
97%
1998/
99
Manchester United
96.4%
2003/
04
Manchester United
96.4%
2003/
04
Manchester United
96.4%
2004/
05
Manchester United
96.4%
2007/
08
Manchester United
96.4%
2008/
09
Manchester United
96.4%
2010/
11
Manchester United
96.4%
2004/
05
Bayern Munich
95.5%
2012/
13
Bayern Munich
95.5%
2013/
14
Bayern Munich
95.5%
2016/
17
Bayern Munich
95.5%
1996/
97
Liverpool
94.6%
2000/
01
Liverpool
94.6%
2007/
08
Liverpool
94.6%
2009/
10
Manchester City
87.4%
2011/
12
Manchester City
87.4%
2014/
15
Monaco
82%
Year
Opponent
% Correct
2014/
15
Southampton
72.2%
2016/
17
Southampton
72.2%
2011/
12
AC Milan
67.4%
2007/
08
Spurs
66.5%
2002/
03
Sunderland
62.9%
2011/
12
Sunderland
62.9%
2005/
06
Wigan
60.8%
2015/
16
Watford
60.5%
2002/
03
Valencia
58.7%
2010/
11
Birmingham City
56.6%
1996/
97
Leeds
56%
1999/
00
Galatasaray
51.8%
1999/
00
Middlesbrough
48.2%
2003/
04
Middlesbrough
48.2%
2005/
06
Bolton
48.2%
2006/
07
PSV
46.7%
2000/
01
Valencia
46.1%
2006/
07
Blackburn Rovers
44.3%
2001/
02
Blackburn Rovers
44%
2012/
13
Blackburn Rovers
44%
2015/
16
Sheffield Wednesday
43.7%
1999/
00
Leicester
40.7%
2012/
13
Bradford City
39.2%
2008/
09
Burnley
32.9%
2009/
10
Stoke City
31.7%
2000/
01
Ipswich
29.9%
2001/
02
Bayer Leverkusen
29.3%
1998/
99
Lens
22.5%
1997/
98
PAOK
13.5%
Quiz Playlist
Details
Report
Send in Message
Add To Playlist
Classic:
Type in answers that appear in a list
Last Updated: May 3, 2017
Quiz Scoreboard
CHALLENGE
Sign Up to Join the Scoreboard
Show All
Scores
Hide
Comments
May contain spoilers
Recently Published
An Introduction to Baseball
by treessimontrees
Sports
5m
Movies - When Are They Set?
by FPL_Elf
Movies
5m
Popular People in 1961
by mucciniale
History
6m
More to Explore
Quiz From the Vault
Featured Blog Post
Where Did the Easter Bunny Come From?
hide this ad
You Might Also Like...
Tags
Soccer Quiz
Arsenal
Arsene Wenger
English Soccer
FA Cup
UEFA Champions' League
Today's Top Quizzes in Sports
Browse Sports
hide this ad
Today's Top Quizzes in Soccer
Browse Soccer
Top Contributed Quizzes in Sports
1
Les meilleurs buteurs des matchs entre le PSG et l’OM
2
2022 World Cup Stars
3
FIFA Club World Cup Champions
4
Les entraîneurs de l'OM et du PSG au 21e siècle
5
Name the Premier League winners with different clubs
6
La finale Lions - Afrique du Sud 2021
7
Les joueurs passés par le LOSC et le RC Lens
8
Criteria MLB: Left Handed Sluggers
9
Players with Multiple 50 Home Run Seasons
10
5-to-1: UK Sports Teams
Explore More
Trending Topics
Marvel
Anime
Kpop
Disney
Harry Potter
Crossword
NBA
Country
Puzzle
The Office
Soccer
NFL
Pokémon
WWE
Song
hide this ad
More By:
sam0412
Quiz
Plays
Rating
Category
Featured
Created
Knocked Out Arsenal (since Wenger)
334
2.50
Sports
Apr 11, 2017
Go to Creator's Profile
Score Distribution
Quiz Creator Spotlight
sam0412
Follow
Send a Message
Quizzes Created
-
Created Quiz Play Count
-
More By This Creator
Popular Quizzes Today
1
Find the Countries of Europe - No Outlines Minefield
2
Find the US States - No Outlines Minefield
3
The Countries of the World
4
Popular People in 1961
5
US States
6
Find the US States
7
1-10 Letter E Words III
8
Risky Map Clicking: Biggest States A-Z
More Sports Quizzes
MLB R-less Teams
Published
Trending Quizzes
Risky Map Clicking: Least Populous States A-Z
1-10 Letter F Words
1-10 Letter G Words
Not Quite an Element Typing Challenge
One Thing in Common: United Kingdom
Recently Updated
Leaping Animals
pecheneg
Reality TV Shows (A-Z)
bhenderson79
Rickey Henderson's Hall of Fame Teammates
pecheneg
Champions League XIs: Arsenal
pecheneg
Quick Pick: Celebrities in WWE's Hall of Fame
aduchscher
A-Z Keypad Blitz II
pecheneg
Multiple Oscar Actors
pecheneg
Mystery Phrase Blitz: Oscar 'Best Actors'
pecheneg
F. Scott Fitzgerald Novels
LTH
Pick 3 Villains
ddd62291
Trending Topics
Harry Potter
Crossword
Anime
NBA
Kpop
Disney
Marvel
Country
NFL
WWE
The Office
Soccer
Puzzle
Pokémon
Song
Your Account Isn't Verified!
In order to create a playlist on Sporcle, you need to verify the email address you used during registration. Go to your
Sporcle Settings
to finish the process.
Report this User
Report this user for behavior that violates our
Community Guidelines
.
Details:
Send Report
Go to the Sporcle.com Mobile Site →
Comments